000 00440nam a22001697a 4500
003 NUST - PNEC
005 20170116180757.0
008 150407b xxu||||| |||| 00| 0 eng d
040 _cLIBRARY
082 _a297.63 ABD
100 _92175
_aAbdul Haq
245 _aMadaraj-e-Nabuwat
_cSheikh Abdul Haq Mohadis Delhvi
260 _aLahore:
_bMaktaba Islamia,
300 _a1022 p. :
_c24 cm.
650 _92177
_aNabuwat
942 _2ddc
_cBK
999 _c62785
_d62785